El hombre y los demás / (Record no. 107367)

MARC details
000 -LEADER
campo de control de longitud fija 00715nam a2200217 i 4500
001 - NÚMERO DE CONTROL
campo de control 107367
003 - IDENTIFICADOR DE NÚMERO DE CONTROL
campo de control ES-MaACL
005 - FECHA Y HORA DE LA ÚLTIMA TRANSACCIÓN
campo de control 20250930063110.0
007 - CAMPO FIJO DE DESCRIPCIÓN FÍSICA--INFORMACIÓN GENERAL
campo de control de longitud fija t|
008 - DATOS DE LONGITUD FIJA--INFORMACIÓN GENERAL
campo de control de longitud fija 070110s1966 sp ||||1| spa d
100 1# - ENTRADA PRINCIPAL--NOMBRE DE PERSONA
Nombre de persona Moragas, Jerónimo de,
Fechas asociadas al nombre 1901-1965
9 (RLIN) 82915
245 13 - MENCIÓN DEL TÍTULO
Título El hombre y los demás /
Mención de responsabilidad, etc. Jerónimo de Moragas ; traducción de Elena Elizalde.
260 ## - PUBLICACIÓN, DISTRIBUCIÓN, ETC.
Lugar de publicación, distribución, etc. Barcelona :
Nombre del editor, distribuidor, etc. Juventud,
Fecha de publicación, distribución, etc. 1966.
300 ## - DESCRIPCIÓN FÍSICA
Extensión 182 p. ;
Dimensiones 19 cm.
490 1# - MENCIÓN DE SERIE
Mención de serie Colección Destino Dios ;
Designación de volumen o secuencia 9
650 #7 - PUNTO DE ACCESO ADICIONAL DE MATERIA--TÉRMINO DE MATERIA
Término de materia o nombre geográfico como elemento de entrada Relaciones interpersonales
Fuente del encabezamiento o término embne
9 (RLIN) 164022
700 1# - ENTRADA AGREGADA--NOMBRE PERSONAL
Nombre de persona Elizalde, Elena.
9 (RLIN) 47007
830 0# - PUNTO DE ACCESO ADICIONAL DE SERIE-TÍTULO UNIFORME
Título uniforme Colección Destino Dios ;
Designación de volumen o secuencia 9
9 (RLIN) 231244
852 ## - LOCALIZACIÓN
Ubicación ES-MaACL
Número de control de estantería C-30463
Sublocalización o colección R.59953
Holdings
Estatus retirado Estado de pérdida Estado de daño No para préstamo Biblioteca de origen Biblioteca actual Ubicación en estantería Fecha de adquisición Fuente de adquisición Total de préstamos Signatura topográfica completa Código de barras Visto por última vez Precio de reemplazo Tipo de ítem Koha
        Biblioteca del Ateneo de Madrid Biblioteca del Ateneo de Madrid Depósito 2 17/01/2008     C-30463 1112056 23/02/2023 23/02/2023 Libro impreso